000 00601nam a2200229Ia 4500
003 OSt
005 20221007065008.0
006 a|||||r|||| 00| 0
007 ta
008 221006b |||||||| |||| 00| 0 eng d
024 _a11,043
037 _cTextual
040 _aFLL
_cFLL
_beng
041 _2eng
_aeng
082 _aT.2.N7, L9
100 _aGaur Janardan Au.
_9686522
245 0 _aProposed education in India
260 _aDelhi
_bShakunt Bharati India
_c1979
300 _a276p
_ccm.
942 _hT.2.N7, L9
_cTEXL
_2CC
999 _c1135975
_d1135975